000 00835nam a2200241 a 4500
001 40599
003 BD-RjUL
005 20211209053240.0
008 160504s2001 bg ||||| |||| 00| 0 ben d
020 _c: Tk.80.00
035 _a(BD-RjUL)40714
040 _aBD-RjUL
_bben
_cBD-RjUL
041 _aben
082 _223
_a297.1
_bSHU 2001
100 _aশফিকুল্লাহ, মুহাম্মদ
_9124762
245 1 0 _aউলূমু ল - কুরআন /
_cমুহাম্মদ শফিকুল্লাহ
260 _aরাজশাহী :
_bআল-মাকতাবাতুশ-শাফি ঈয়্যাহ,
_c২০০১
300 _a খন্ড
_c২২ সেমি.
505 _a খন্ড ১--
650 _aইসলাম
_9124948
650 _aIslam
_9124949
942 _2ddc
_cBK
_01
999 _c40599
_d40599